| 000 | 01074nam a2200265Ia 4500 | ||
|---|---|---|---|
| 003 | OSt | ||
| 005 | 20221005104258.0 | ||
| 006 | a|||||r|||| 00| 0 | ||
| 007 | ta | ||
| 008 | 221004b |||||||| |||| 00| 0 san d | ||
| 020 |
_a9788177023138 (hbk) _c1295 |
||
| 024 | _a2631 | ||
| 037 |
_b324, 26/11/2012, Vidyanidhi Prakashan _cTextual |
||
| 040 |
_aCRL _cCRL _bsan |
||
| 041 |
_2san _asan |
||
| 082 | _aDelta2:864, 152Q3 | ||
| 100 | _aशुक्ल, बृजेश कुमार | ||
| 245 | 0 | _aज्योतिर्विज्ञान - सन्दर्भसमालोचनिका | |
| 246 | _aJyotirvijnyān - sandarbhasamālochanikā | ||
| 260 |
_aदिल्ली _bप्रतिभा प्रकाशन भारत _c2013 |
||
| 300 |
_a463पृ0 _ccm. |
||
| 650 | _aआध्यात्मिक अनुभव और रहस्यवाद | ||
| 942 |
_hDelta2:864, 152Q3 _cTEXL _2cc |
||
| 999 |
_c1012246 _d1012246 |
||